000 00319nam a2200121Ia 4500
005 20251222154411.0
008 251222s9999||||xx |||||||||||||| ||spa||
082 _a352.3/B79
100 _aBoza Dibos, Beatriz
245 0 _aManual de Buenas Prácticas Gubernamentales 2006
264 _bCuidadanos al Día
942 _cLIB
999 _c35667
_d35667